La chanson la plus écoutée de chaque interprète - Statistiques

Statistiques générales
  • Ce quiz a été pris 91 fois
  • Le résultat moyen est 10 sur 40
Statistiques - réponses
Hint Réponse % Correct
Renaud Mistral Gagnant
74%
Carla Luciani La grenade
72%
Michel Sardou Les lacs du Connemara
72%
Charles Aznavour La bohème
71%
Indochine L'aventurier
67%
Patrick Bruel Place des grands hommes
49%
Joe Dassin Les Champs-Élysées
46%
Soprano En feu
38%
Kendji Girac Andalouse
33%
Francis Cabrel Je l'aime à mourir
32%
Michel Delpech Le chasseur
30%
Zazie Je suis un homme
26%
Christophe Maé On s'attache
26%
Hoshi Ta marinière
26%
Christophe Aline
24%
Claudio Capéo Un homme debout
24%
Jean-Jacques Goldman Je te donne
22%
Johnny Hallyday Je te promets
22%
Bénabar Le dîner
21%
Dalida Paroles... Paroles...
21%
Daniel Balavoine Mon fils ma bataille
20%
Amir J'ai cherché
18%
Michel Berger La groupie du pianiste
18%
Florent Pagny Savoir aimer
18%
Mylène Farmer Désenchantée
17%
France Gall Ella, elle l'a
17%
Julien Doré Paris-Seychelles
17%
Édith Piaf Non, je ne regrette rien
16%
Maxime Le Forestier San Francisco
16%
Jacques Brel Ne me quitte pas
14%
Claude François Comme d'habitude
12%
Serge Gainsbourg Je t'aime moi non plus
9%
Jean-Louis Aubert Alter Ego
8%
Véronique Sanson Chanson sur ma drôle de vie
8%
Amel Bent ... 1,2,3
7%
Jacques Dutronc Il est cinq heures, Paris s'éveille
7%
Françoise Hardy Comment te dire adieu
5%
-M- La Seine
5%
Nolwenn Leroy Tri martolod
4%
Jenifer Les choses simples
3%
Aucun quiz correspondant
Distribution des résultats
% des personnes avec chaque résultat
Percentile par nombre de réponses
Votre historique - résultats
Vous n’avez pas pris ce quiz